Statistics for Where Are They From - City #1

Click here to take the quiz!

General Stats

  • This quiz has been taken 61 times
  • The average score is 9 of 12

Answer Stats

HintAnswer% Correct
Elizabeth II, Benedict Cumberbatch, David Beckham, Idris ElbaLondon
96%
Oscar Wilde, Bono, Conor McGregor, George Bernard ShawDublin
91%
Leonardo DiCaprio, Jennifer Aniston, Angelina Jolie, Ice CubeLos Angeles
89%
Jim Carrey, Drake, Mike Myers, Christopher PlummerToronto
89%
Ronaldo, Paulo Coelho, Antônio Carlos Jobim, Thiago SilvaRio de Janeiro
79%
Franz Beckenbauer, Lou Bega, Wassily Leontief, Werner HerzogMunich
77%
Yao Ming, Wong Kar-wai, Angelababy, Joan ChenShanghai
77%
Sachin Tendulkar, Madhuri Dixit, Rajiv Gandhi, Sania MirzaMumbai
75%
Jackie Chan, Marco Fu, Katrina Kaif, Jackson WangHong Kong
72%
Walt Disney, Harrison Ford, Dwyane Wade, Bobby FischerChicago
58%
Israel Adesanya, Alex Iwobi, Michael Olowokandi, Toks OlagundoyeLagos
58%
Johan Cruyff, Dennis Bergkamp, Katja Herbers, Natalie La RoseAmsterdam
56%

Score Distribution

Percentile by Number Answered

Percent of People with Each Score

Your Score History

You have not taken this quiz